000
00286nam a2200121Ia 4500
008
191201s2016 xx 000 0 und d
100
_a
SRIDHAR, S
245
0
_a
Digital Image Processing
260
_a
N. Delhi
_b
Oxford
_c
2016
300
_a
742
650
_a
M.Tech (ECE)
942
_2
ddc
_c
BK
999
_c
6687
_d
6687